000 00648nam a22001217a 4500
008 220729b |||||||| |||| 00| 0 eng d
020 _a9789993617273
082 _a954.98 LIS
245 _aརྫོང༌ཁག༌དགུ༌གི༌ལྷ༌ཁང༌དགོན༌སྡེའི༌གསུང༌རྟེན༌ཐོ༌བཀོད༌དང༌པར༌བཏབ༌པའི༌ཐོ། དེབ༌གཉིས༌པ།
_bList of texts registered and digitized in the temples and monasteries of nine Dzongkhags
_cVolume -2
260 _aThimphu :
_bNational Library and Archives of Bhutan,
_c2016.
300 _aix, 306 p.
_c21 cm.
942 _2ddc
999 _c9055
_d9056